| 000 | 00546nam a22001697a 4500 | ||
|---|---|---|---|
| 003 | BD-DhUL | ||
| 005 | 20190113145800.0 | ||
| 008 | 190113s1987 ii ||||| |||| 00| 0 urd d | ||
| 040 |
_aBD-DhUL _cBD-DhUL |
||
| 082 |
_a891.4305 _bNAU |
||
| 100 | 0 | _aنادر علی خاں | |
| 245 | 1 | 0 |
_aاردوصحافت کی تاریخ، ۵۷-۱۸۲۲ / _cنادر علی خاں |
| 260 |
_aعلی گڑھ : _bایجو کیشنل بک ھاؤس، _c۱۹۸۷۔ |
||
| 300 |
_aص۔ ۴۱۶ ؛ _c۲۱ سم۔ |
||
| 650 | 4 | _aUrdu literature - Spaches | |
| 942 |
_2ddc _cBK |
||
| 999 |
_c245734 _d245734 |
||